000 00319nam a2200133Ia 4500
008 220204s9999 xx 000 0 und d
082 _a658.15
_bKUC
100 _aKuchhal, S C
245 0 _aFinancial management
250 _a2
260 _aAllahabad
_bChaitanya
_c1974
650 _aFinancial management
942 _cBK
999 _c22977
_d22977